<The> Future of rural policy from sectoral to place-based policies in rural areas
Gespeichert in:
| Format: | Buch |
|---|---|
| Sprache: | Englisch |
| Veröffentlicht: |
Paris
OECD
2003
|
| Schlagworte: | |
| Tags: |
Keine Tags, Fügen Sie das erste Tag hinzu!
|
MARC
| LEADER | 00000nam$a2200000$$$4500 | ||
|---|---|---|---|
| 001 | 0020332 | ||
| 005 | 20240104133136.4 | ||
| 020 | |a 92-64-10083-0 | ||
| 041 | 0 | |a eng | |
| 044 | |a FR | ||
| 245 | 1 | 0 | |a <The> Future of rural policy |b from sectoral to place-based policies in rural areas |
| 264 | 1 | |a Paris |b OECD |c 2003 | |
| 300 | |a 248 s. | ||
| 610 | 2 | 0 | |a politika regionálna |
| 610 | 2 | 0 | |a vidiek |
| 610 | 2 | 0 | |a mikroregióny |
| 610 | 2 | 0 | |a rozvoj regionálny |
| 610 | 2 | 0 | |a rozvoj trvalo udržateľný |
| 610 | 2 | 0 | |a reformy hospodárske |
| 610 | 2 | 0 | |a politika poľnohospodárska |
| 610 | 2 | 0 | |a porovnanie medzinárodné |
| 610 | 2 | 0 | |a svet |
| 610 | 2 | 0 | |a OECD |